000 00800nam a2200229Ii 4500
003 JO-AjNU
008 230605s9999||||xx |||||||||||||| ||und||
017 _a2000/9/2594
040 _aJO-AjNU
_bara
_erda
_cJO-AjNU
041 _aara
050 1 4 _aPJ6661.Q872 2000
100 3 _aتأليف قوقزة، نواف,
_eauthor
_947526
245 0 0 _aنظرية التشكيل الإستعاري في البلاغة والنقد: مع دراسة تطبيقية في شعر عمر النص
250 _aط1
264 3 1 _aعمان: وزارة الثقافة، 2000
300 _a407ص
336 _atext
_btxt
_2rdacontent
337 _aunmediated
_bn
_2rdamedia
338 _avolume
_bnc
_2rdacarrier
490 0 _aكتاب الشهر 10
650 4 _aاللغة العربي - البلاغة
_947527
999 _aA20753
_c24321
_d24321